000 00798cam a22002533a 4500
001 6585
003 PGUSA
005 20140828083134.0
008 040901s2004||||xxu|||||s|||||000 | eng d
040 _aPGUSA
_beng
042 _adc
050 4 _aPA
100 1 _aLucian, of Samosata,
_d120-180
245 1 0 _aWorks of Lucian of Samosata — Volume 02
_h[electronic resource] /
_cof Samosata Lucian
260 _bProject Gutenberg,
_c2004
506 _aPublic domain in the USA.
516 _aElectronic text
653 _aLucian, of Samosata -- Translations into English
700 1 _aFowler, F. G.
_q(Francis George),
_d1870-1918
700 1 _aFowler, H. W.
_q(Henry Watson),
_d1858-1933
830 0 _aProject Gutenberg
_v6585
856 4 0 _uhttp://www.gutenberg.org/ebooks/6585
942 _cEB
999 _c235905
_d235905